[Event "Adelboden op 8th"]
[Site "Adelboden"]
[Date "2022.12.09"]
[Round "1"]
[White "Steiner, Mario"]
[Black "Bonferroni, Thierry"]
[Result "0-1"]
[WhiteElo "1573"]
[BlackElo "1896"]
[PlyCount "50"]
[EventDate "2022.12.09"]
[EventType "swiss"]
[EventRounds "5"]
[EventCountry "SUI"]
[SourceTitle "CBM 211 Extra"]
[Source "ChessBase"]
[SourceDate "2023.01.31"]
[SourceVersion "1"]
[SourceVersionDate "2023.01.31"]
[SourceQuality "1"]

1. d4 Nf6 2. c4 e6 3. Nf3 b6 4. Nc3 Bb7 5. e3 Bb4 6. Bd2 0-0 7. Be2 d6 8. 0-0 Nbd7 9. Rc1 c5 10. Nb5 Qe7 11. Bxb4 cxb4 12. d5 e5 13. Qa4 a6 14. Nc7 Nc5 15. Qxb4 Qxc7 16. Qa3 a5 17. Rfd1 Qd7 18. b4 axb4 19. Qxb4 Rxa2 20. Ra1 Rxe2 21. Kf1 Rc2 22. Ne1 Qf5 23. f3 Ba6 24. Nxc2 Qxc2 25. Rac1 Qb3 0-1

[Event "Basel Special op"]
[Site "Basel"]
[Date "2021.07.19"]
[Round "4"]
[White "Lohvinov, Petro"]
[Black "Bonferroni, Thierry"]
[Result "1-0"]
[WhiteElo "2082"]
[BlackElo "1933"]
[PlyCount "87"]
[EventDate "2021.07.17"]
[EventType "swiss"]
[EventRounds "6"]
[EventCountry "SUI"]
[SourceTitle "CBM 203 Extra"]
[Source "ChessBase"]
[SourceDate "2021.09.30"]
[SourceVersion "1"]
[SourceVersionDate "2021.09.30"]
[SourceQuality "1"]

1. e4 e5 2. Nf3 Nc6 3. Bc4 d6 4. a4 Be7 5. 0-0 Nf6 6. d3 Be6 7. Nbd2 0-0 8. Re1 Nd7 9. c3 Bg5 10. Nxg5 Qxg5 11. b4 Bh3 12. Qf3 Bg4 13. Qg3 Qh5 14. Ba2 Be6 15. Nc4 d5 16. exd5 Bxd5 17. Nxe5 Rae8 18. Bf4 Ncxe5 19. Bxd5 c6 20. Bb3 Qf5 21. d4 Nd3 22. Bc2 Qxf4 23. Qxd3 Nf6 24. b5 c5 25. dxc5 Rd8 26. Qe3 Qc4 27. Rad1 g6 28. Rd4 Qa2 29. Qd2 Rc8 30. Re5 Rfe8 31. Rxe8+ Rxe8 32. h3 Rc8 33. Rd8+ Rxd8 34. Qxd8+ Kg7 35. Qd3 Qa1+ 36. Kh2 Qe1 37. Qe3 Qf1 38. Qd4 Qe2 39. Bd3 Qe7 40. b6 axb6 41. cxb6 Qd7 42. a5 Qxd4 43. cxd4 Nd7 44. Be4 1-0

[Event "Biel HTO 53rd"]
[Site "Biel"]
[Date "2020.07.26"]
[Round "6"]
[White "Bonferroni, Thierry"]
[Black "Svendsen, Hannelore"]
[Result "1-0"]
[WhiteElo "1964"]
[BlackElo "1735"]
[PlyCount "35"]
[EventDate "2020.07.20"]
[EventType "swiss"]
[EventRounds "9"]
[EventCountry "SUI"]
[SourceTitle "CBM 197"]
[Source "ChessBase"]
[SourceDate "2020.07.27"]
[SourceVersion "1"]
[SourceVersionDate "2020.07.27"]
[SourceQuality "1"]

1. e4 e6 2. d4 a6 3. a4 c5 4. Nf3 d6 5. dxc5 Qa5+ 6. c3 Qxc5 7. Be3 Qc6 8. Bb5 axb5 9. axb5 Qc7 10. Rxa8 Nd7 11. b6 Qc6 12. Nd4 Qxe4 13. Rxc8+ Ke7 14. 0-0 Nxb6 15. Rc7+ Nd7 16. Qa4 Ngf6 17. Bg5 Kd8 18. Qxd7# 1-0

[Event "Biel HTO 53rd"]
[Site "Biel"]
[Date "2020.07.22"]
[Round "3"]
[White "Norden, Marc"]
[Black "Bonferroni, Thierry"]
[Result "1/2-1/2"]
[WhiteElo "1690"]
[BlackElo "1964"]
[PlyCount "104"]
[EventDate "2020.07.20"]
[EventType "swiss"]
[EventRounds "9"]
[EventCountry "SUI"]
[SourceTitle "CBM 197"]
[Source "ChessBase"]
[SourceDate "2020.07.27"]
[SourceVersion "1"]
[SourceVersionDate "2020.07.27"]
[SourceQuality "1"]

1. d4 Nf6 2. Nf3 b6 3. g3 Bb7 4. Bg2 g6 5. c4 Bg7 6. Nc3 Ne4 7. 0-0 0-0 8. Qc2 f5 9. Ng5 Bxd4 10. Ncxe4 fxe4 11. Bxe4 Bxe4 12. Qxe4 Nc6 13. Qd5+ Kg7 14. Ne6+ dxe6 15. Qxc6 Bxf2+ 16. Rxf2 Qd1+ 17. Kg2 Rxf2+ 18. Kxf2 Rf8+ 19. Ke3 Qg1+ 20. Kd3 Rd8+ 21. Kc3 Qe1+ 22. Kb3 Qxe2 23. Qxc7 Qd3+ 24. Ka4 b5+ 25. Ka5 Kg8 26. Qxe7 Rd7 27. Qxe6+ Rf7 28. Qd5 Qf1 29. c5 b4 30. b3 a6 31. Qc4 Qf6 32. Rb1 Qf5 33. Rb2 Kg7 34. Bf4 Rb7 35. Qd4+ Kf7 36. Qc4+ Kg7 37. Ka4 Qf6 38. Re2 Qc6+ 39. Ka5 Rb5+ 40. Ka4 Rxc5+ 41. Kxb4 a5+ 42. Kc3 Rxc4+ 43. bxc4 Qf3+ 44. Re3 Qf2 45. a3 Kf6 46. h4 Qa2 47. Kd4 Qb2+ 48. Kd5 Qb7+ 49. Kd6 Qb6+ 50. Kd5 Qb7+ 51. Kd6 Qa6+ 52. Kd5 Qb7+ 1/2-1/2

[Event "Biella op 8th"]
[Site "Biella"]
[Date "2017.09.24"]
[Round "4"]
[White "Tencati, Giuseppe"]
[Black "Bonferroni, Thierry"]
[Result "1-0"]
[WhiteElo "2080"]
[BlackElo "1980"]
[PlyCount "103"]
[EventDate "2017.09.22"]
[EventType "swiss"]
[EventRounds "5"]
[EventCountry "ITA"]
[SourceTitle "CBM 180 Extra"]
[Source "ChessBase"]
[SourceDate "2017.10.06"]
[SourceVersion "1"]
[SourceVersionDate "2017.10.06"]
[SourceQuality "1"]

1. e4 d6 2. d4 Nf6 3. Nc3 Nbd7 4. Nge2 e5 5. g3 Be7 6. Bg2 0-0 7. 0-0 c6 8. a4 b6 9. h3 Ba6 10. Re1 Qc7 11. Be3 Rfe8 12. g4 Nf8 13. f4 Rad8 14. g5 Nh5 15. f5 f6 16. h4 g6 17. Bf3 Ng7 18. Bg4 d5 19. Qb1 fxg5 20. dxe5 Qxe5 21. hxg5 Bxe2 22. Nxe2 Qxe4 23. Bf4 Bxg5 24. Qc1 Bh4 25. Rf1 g5 26. Bf3 Qc4 27. Bxg5 Rd6 28. b3 Qc5+ 29. Kh1 Nxf5 30. Rg1 Rg6 31. Qf4 Ne6 32. Qxf5 Bxg5 33. Bh5 Rf8 34. Bxg6 Rxf5 35. Bxf5 Qe3 36. Bxe6+ Qxe6 37. Rxg5+ Kh8 38. Rg2 Qh3+ 39. Kg1 Qe3+ 40. Kf1 Qe5 41. Re1 h5 42. Ng1 Qf4+ 43. Rf2 Qg3 44. Rf3 Qg6 45. Re2 d4 46. Nh3 Qg4 47. Re8+ Kg7 48. Ref8 Qg6 49. R8f5 Qe8 50. Rg3+ Kh8 51. Nf4 h4 52. Rg4 1-0

[Event "Voronezh op-A 18th"]
[Site "Voronezh"]
[Date "2014.06.19"]
[Round "7"]
[White "Bonferroni, Thierry"]
[Black "Lingur, Zalina"]
[Result "1-0"]
[WhiteElo "1928"]
[BlackElo "2048"]
[PlyCount "66"]
[EventDate "2014.06.12"]
[EventType "swiss"]
[EventRounds "9"]
[EventCountry "RUS"]
[SourceTitle "CBM 160 Extra"]
[Source "ChessBase"]
[SourceDate "2014.07.01"]
[SourceVersion "1"]
[SourceVersionDate "2014.07.01"]
[SourceQuality "1"]

1. e4 c5 2. Nf3 d6 3. d4 cxd4 4. Nxd4 Nf6 5. Nc3 a6 6. Bc4 e6 7. Bb3 b5 8. 0-0 b4 9. Na4 Bd7 10. c3 a5 11. f4 Be7 12. e5 dxe5 13. fxe5 Nd5 14. c4 Nb6 15. Nxb6 Qxb6 16. Qf3 0-0 17. Be3 Bc5 18. Rad1 Nc6 19. Qe4 Rfd8 20. Bc2 g6 21. Kh1 Ne7 22. Qf3 Be8 23. Qf6 Rxd4 24. Rxd4 Nc6 25. Bh6 Bf8 26. Bxf8 Kxf8 27. Rd6 Kg8 28. Rxe6 Qc7 29. Ba4 Rc8 30. Bxc6 Bxc6 31. Re7 Bxg2+ 32. Kxg2 Qc6+ 33. Qxc6 Rxc6 1-0

[Event "Voronezh op-A 18th"]
[Site "Voronezh"]
[Date "2014.06.18"]
[Round "6"]
[White "Bykova, Anastasia"]
[Black "Bonferroni, Thierry"]
[Result "1/2-1/2"]
[WhiteElo "2134"]
[BlackElo "1928"]
[PlyCount "82"]
[EventDate "2014.06.12"]
[EventType "swiss"]
[EventRounds "9"]
[EventCountry "RUS"]
[SourceTitle "CBM 160 Extra"]
[Source "ChessBase"]
[SourceDate "2014.07.01"]
[SourceVersion "1"]
[SourceVersionDate "2014.07.01"]
[SourceQuality "1"]

1. e4 d6 2. d4 g6 3. Nf3 Bg7 4. Bd3 Nd7 5. c3 e5 6. 0-0 Ngf6 7. h3 0-0 8. Na3 d5 9. Bg5 dxe4 10. Bxe4 h6 11. Bxf6 Nxf6 12. Bc2 exd4 13. Nxd4 a6 14. Qf3 c5 15. Ne2 Qc7 16. Nf4 Bd7 17. Qg3 Rfe8 18. Rad1 Bc6 19. Nh5 Qxg3 20. Nxf6+ Bxf6 21. fxg3 Be5 22. Bb3 Re7 23. Rde1 Rae8 24. Rxe5 Rxe5 25. Bxf7+ Kg7 26. Bxe8 Rxe8 27. Nc2 Bb5 28. Rf2 Bd3 29. g4 b5 30. Rd2 Bc4 31. a3 Re6 32. Kf2 Rf6+ 33. Kg3 Re6 34. Rf2 Bd3 35. Na1 Bc4 36. Kh2 a5 37. Kg3 a4 38. Nc2 Bd3 39. Rd2 Bc4 40. Kf2 Rf6+ 41. Kg1 Re6 1/2-1/2

[Event "Lenk op"]
[Site "Lenk"]
[Date "2011.04.25"]
[Round "7"]
[White "Paladini, Jean Michel"]
[Black "Bonferroni, Thierry"]
[Result "1-0"]
[WhiteElo "2053"]
[BlackElo "1836"]
[PlyCount "97"]
[EventDate "2011.04.21"]
[EventType "swiss"]
[EventRounds "7"]
[EventCountry "SUI"]
[SourceTitle "CBM 142 Extra"]
[Source "ChessBase"]
[SourceDate "2011.06.27"]
[SourceVersion "1"]
[SourceVersionDate "2011.06.27"]
[SourceQuality "1"]

1. Nf3 d5 2. g3 c5 3. Bg2 Nf6 4. 0-0 Nc6 5. d4 cxd4 6. Nxd4 e5 7. Nxc6 bxc6 8. c4 Be7 9. Nc3 e4 10. Qc2 Be6 11. Rd1 Qc8 12. Bf4 0-0 13. Rac1 Qa6 14. Na4 Rac8 15. c5 Bf5 16. b3 Bg6 17. Qd2 Rfe8 18. Bh3 Ra8 19. Bd6 Bh5 20. Re1 Bg4 21. Bg2 Bxd6 22. cxd6 Red8 23. f3 Bf5 24. g4 exf3 25. exf3 Be6 26. Bf1 Qb7 27. g5 Ne8 28. Bd3 g6 29. Qc2 Rxd6 30. Nc5 Qb6 31. Kh1 Ng7 32. h4 Nf5 33. Qh2 Rad8 34. h5 Ng7 35. h6 Nh5 36. f4 d4 37. f5 Bd5+ 38. Kg1 Qb8 39. fxg6 fxg6 40. Re7 Re8 41. Rce1 Rf8 42. Qe5 Rdd8 43. Rg7+ Kh8 44. Rc7+ Kg8 45. Bxg6 Qxc7 46. Qxc7 hxg6 47. Re7 Rde8 48. h7+ Kh8 49. Qe5+ 1-0

[Event "Lenk op"]
[Site "Lenk"]
[Date "2011.04.24"]
[Round "5"]
[White "Stucki, Kaspar"]
[Black "Bonferroni, Thierry"]
[Result "1-0"]
[WhiteElo "1976"]
[BlackElo "1836"]
[PlyCount "111"]
[EventDate "2011.04.21"]
[EventType "swiss"]
[EventRounds "7"]
[EventCountry "SUI"]
[SourceTitle "CBM 142 Extra"]
[Source "ChessBase"]
[SourceDate "2011.06.27"]
[SourceVersion "1"]
[SourceVersionDate "2011.06.27"]
[SourceQuality "1"]

1. e4 c5 2. Nf3 Nc6 3. d4 cxd4 4. Nxd4 e5 5. Nb5 d6 6. N1c3 a6 7. Na3 b5 8. Nd5 Nge7 9. c4 Nd4 10. Nc2 Nxd5 11. cxd5 Bg4 12. Qd3 Nxc2+ 13. Qxc2 Rc8 14. Qb3 Qc7 15. Be3 Be7 16. Bd3 0-0 17. 0-0 h6 18. a4 f5 19. exf5 Bxf5 20. Bxf5 Rxf5 21. axb5 axb5 22. Ra7 Qd8 23. Qxb5 Rb8 24. Rb7 Rf8 25. Ra1 Bf6 26. Raa7 Qc8 27. Qc6 Qf5 28. h3 Rxb7 29. Qxb7 Qb1+ 30. Kh2 e4 31. Ra8 Be5+ 32. g3 Rxa8 33. Qxa8+ Kh7 34. Qc8 Qxb2 35. Qf5+ Kg8 36. Qxe4 Qa2 37. Kg2 Qe2 38. g4 Qb2 39. h4 Qa2 40. g5 hxg5 41. hxg5 Qb2 42. Qf5 Qb7 43. Qe6+ Qf7 44. Qxf7+ Kxf7 45. Kf3 g6 46. Bf4 Bxf4 47. Kxf4 Ke7 48. Ke4 Kd7 49. f4 Ke7 50. f5 Kf7 51. fxg6+ Kxg6 52. Kf4 Kg7 53. Kf5 Kf7 54. g6+ Ke7 55. Kg5 Kf8 56. Kf6 1-0

[Event "Lenk op"]
[Site "Lenk"]
[Date "2011.04.23"]
[Round "3"]
[White "Mauron, Pierre"]
[Black "Bonferroni, Thierry"]
[Result "1-0"]
[WhiteElo "2115"]
[BlackElo "1836"]
[PlyCount "95"]
[EventDate "2011.04.21"]
[EventType "swiss"]
[EventRounds "7"]
[EventCountry "SUI"]
[SourceTitle "CBM 142 Extra"]
[Source "ChessBase"]
[SourceDate "2011.06.27"]
[SourceVersion "1"]
[SourceVersionDate "2011.06.27"]
[SourceQuality "1"]

1. e4 c5 2. Nf3 Nc6 3. d4 cxd4 4. Nxd4 e5 5. Nb5 d6 6. N1c3 a6 7. Na3 b5 8. Nd5 Nge7 9. c4 Nd4 10. cxb5 Nxd5 11. exd5 Be7 12. Bc4 0-0 13. 0-0 Bg5 14. f4 axb5 15. Nxb5 Bxf4 16. Nxd4 Bxc1 17. Rxc1 Qb6 18. Qd2 Re8 19. Qf2 Qxd4 20. Qxd4 exd4 21. Rfd1 Ba6 22. a4 Bxc4 23. Rxc4 Reb8 24. Rd2 d3 25. Kf2 g6 26. Ke3 Rb3 27. g4 Re8+ 28. Re4 Reb8 29. g5 Kg7 30. h4 h6 31. gxh6+ Kxh6 32. a5 Ra8 33. Ra4 Kg7 34. Kd4 Rc8 35. a6 Ra8 36. Kc4 Rb6 37. b4 f5 38. Rxd3 Kf6 39. b5 f4 40. Rb4 Ke5 41. Kb3 Rh8 42. Ka4 Rc8 43. Ka5 Rbb8 44. b6 f3 45. Rxf3 Kxd5 46. Rd3+ Ke6 47. b7 Rc5+ 48. Rb5 1-0

[Event "Lenk op"]
[Site "Lenk"]
[Date "2011.04.21"]
[Round "1"]
[White "Krauseneck, Peter"]
[Black "Bonferroni, Thierry"]
[Result "1-0"]
[WhiteElo "2248"]
[BlackElo "1836"]
[PlyCount "45"]
[EventDate "2011.04.21"]
[EventType "swiss"]
[EventRounds "7"]
[EventCountry "SUI"]
[SourceTitle "CBM 142 Extra"]
[Source "ChessBase"]
[SourceDate "2011.06.27"]
[SourceVersion "1"]
[SourceVersionDate "2011.06.27"]
[SourceQuality "1"]

1. e4 c5 2. Nf3 Nc6 3. Bb5 d6 4. Bxc6+ bxc6 5. c4 g6 6. d3 Bg7 7. 0-0 Nf6 8. Nc3 0-0 9. Nh4 e6 10. f4 d5 11. Nf3 Qc7 12. Qe1 Rb8 13. Qh4 Ba6 14. f5 Nd7 15. Bf4 e5 16. Bh6 Qd8 17. Ng5 Bf6 18. exd5 Rxb2 19. fxg6 fxg6 20. Nce4 cxd5 21. Bxf8 Bxg5 22. Nxg5 Nxf8 23. Rxf8+ 1-0

[Event "Guben op 11th"]
[Site "Guben"]
[Date "2008.01.05"]
[Round "7"]
[White "Bonferroni, Thierry"]
[Black "Welz, Peter"]
[Result "0-1"]
[WhiteElo "1847"]
[BlackElo "2138"]
[PlyCount "40"]
[EventDate "2008.01.02"]
[EventType "swiss"]
[EventRounds "9"]
[EventCountry "GER"]
[SourceTitle "EXT 2012"]
[Source "ChessBase"]
[SourceDate "2011.11.24"]
[SourceVersion "1"]
[SourceVersionDate "2011.11.24"]
[SourceQuality "1"]

1. e4 e6 2. d4 d5 3. Nd2 dxe4 4. Nxe4 Qd5 5. Bd3 Nf6 6. f3 c5 7. Nxc5 Bxc5 8. dxc5 Qxc5 9. Ne2 Nc6 10. Qd2 0-0 11. Qe3 Qxe3 12. Bxe3 Nb4 13. Rd1 b6 14. 0-0 Nfd5 15. Bf2 Nxd3 16. Rxd3 Ba6 17. Rd2 Rac8 18. b3 Nc3 19. Nxc3 Bxf1 20. Rd7 Bxg2 0-1